000
00256nam a2200109Ia 4500
008
200302s9999 xx 000 0 und d
100
_a
Anupam bansal and Other
245
_a
Architctural Map Delhi
260
_b
Dom Publishrs
260
_c
2013
300
_a
424
999
_c
6301
_d
6301